000 00651nam a2200193Ii 4500
003 JO-AjNU
008 230605s9999||||xx |||||||||||||| ||und||
040 _aJO-AjNU
_bara
_erda
_cJO-AjNU
041 _aara
050 1 4 _aPJ6101.A52 1970
100 3 _aتاليف بن زياد الفراء،يحيى,
_eauthor
_920727
245 0 0 _aالمذكر والمؤنث
264 3 1 _aالقاهرة: مكتبة دار التراث،1989
300 _a148ص
336 _atext
_btxt
_2rdacontent
337 _aunmediated
_bn
_2rdamedia
338 _avolume
_bnc
_2rdacarrier
650 4 _aالمذكر والمؤنث-اللغة العربية-قواعد
_920728
999 _aA7079
_c10647
_d10647